| 000 | 00761nam a22002537a 4500 | ||
|---|---|---|---|
| 005 | 20170123162322.0 | ||
| 010 | _a185664 | ||
| 020 | _c3.00 | ||
| 035 | _a185664 | ||
| 037 | _bCen Lib/Ret | ||
| 040 |
_aDPL _bUR |
||
| 082 |
_a847 _bش و ک |
||
| 100 |
_aشوکت تھانوی _9117551 |
||
| 245 |
_aبیگم بادشاہ غلام / _cشوکت تھانوی |
||
| 246 |
_aBegum badshah ghulam / _bby Shokat Thanvi |
||
| 260 |
_aلکھنؤ _bزندے رضا مہندی |
||
| 270 | _bلکھنؤ | ||
| 300 |
_a160p. _c18cm(Hb) |
||
| 650 |
_aاردو ادب _9117552 |
||
| 650 |
_aاردو مضمون _9117553 |
||
| 650 |
_aUrdu literature _9117554 |
||
| 650 |
_aUrdu essays _9528 |
||
| 942 |
_2ddc _cUR _h847 _mش و ک |
||
| 999 |
_c107153 _d107153 |
||